Les films se déroulant dans un bateau - Statistiques

Statistiques générales
  • Ce quiz a été pris 108 fois
  • Le résultat moyen est 5 sur 20
Statistiques - réponses
Année Film % Correct
1954 20000 lieues {sous les mers}
88%
1956 Moby {Dick}
83%
1997 T {Titanic}
74%
2012 L'Odyssée {de Pi}
52%
2009 Good Morning {England}
43%
1925 Le cuirassé {Potemkine}
41%
1990 A la poursuite {d'octobre rouge}
35%
2000 En pleine {tempête}
33%
1995 USS {Alabama}
24%
2014 N {Noé}
20%
2006 P {Poséidon}
11%
1989 Calme {blanc}
10%
1980 Nimitz {Retour vers l'enfer}
9%
2000 U-{571}
7%
1972 L'aventure {du Poséidon}
4%
1958 L'odyssée {du sous-marin Nerka}
2%
1958 Atlantique, {latitude 41°}
1%
1951 La reine {Africaine}
1%
1945 Le capitaine {Kidd}
1%
1944 L {Lifeboat}
1%
Aucun quiz correspondant
Distribution des résultats
% des personnes avec chaque résultat
Percentile par nombre de réponses
Votre historique - résultats
Vous n’avez pas pris ce quiz